000 01675nam0a2200313 4500
001 RU\NLR\bibl\930558
005 20250614192500.0
035 _a(NLR Aleph) 000918789
090 _a86452
_c86452
100 _a20060412e20001947|||y0rusy50 ca
101 0 _arus
102 _aRU
105 _ay |||||||||
200 1 _aОб одном примере искажения исторической правды
_eпо поводу книги Н. Токарского "Архитектура древней Армении"
_fакад. С. Джанашиа
205 _a[Репр. изд.]
210 _aТбилиси
_c[б. и.]
_d2000
215 _a52,[1] с.
_d19
300 _aНа тит. л.: Тбилиси, Заря Востока, 1947
320 _aБиблиогр. в подстроч. примеч.
455 0 _12001#$aОб одном примере искажения исторической правды
_1210##$aТбилиси$cЗаря Востока$d1947
_tОб одном примере искажения исторической правды
604 _1700#1$aТокарский$bН. М.$f1892-1977$gНиколай Михайлович$4070
_150010$aАрхитектура древней Армении$2psbo
_aТокарский, Николай Михайлович (1892-1977)
_tАрхитектура древней Армении
606 1 _aАрхитектура армянская
_xСредние века
_9981745
_3RU\NLR\auth\6651267
686 _aЩ113(2Ар)4
700 1 _aДжанашиа
_bС. Н.
_f1900-1947
_4070
801 0 _aRU
_bNLR
_c20060412
_grcr
801 1 _aRU
_bNLR
_c20060412
942 _cBOOK
980 _aNB